A text book of physics (Record no. 544296)

000 -LEADER
fixed length control field 00386nam a22001457a 4500
082 ## - DEWEY DECIMAL CLASSIFICATION NUMBER
Classification number 530.2462
Author Mark dun
100 ## - MAIN ENTRY--PERSONAL NAME
Personal name duncan, J.
9 (RLIN) 39704
245 ## - TITLE STATEMENT
Title A text book of physics
Statement of responsibility, etc. duncan, J.
250 ## - EDITION STATEMENT
Edition statement 2nd ed.
260 ## - PUBLICATION, DISTRIBUTION, ETC.
Place of publication, distribution, etc. london
Name of publisher, distributor, etc. macmillan and company ltd
Date of publication, distribution, etc. c1955
300 ## - PHYSICAL DESCRIPTION
Extent v, 749
Other physical details ill.
Dimensions 20cm
526 ## - STUDY PROGRAM INFORMATION NOTE
Program name 0
Interest level 0
Reading level 0
Title point value 530_246200000000000_DUN
650 ## - SUBJECT ADDED ENTRY--TOPICAL TERM
Topical term or geographic name entry element mce
9 (RLIN) 379
942 ## - ADDED ENTRY ELEMENTS (KOHA)
Source of classification or shelving scheme
Koha item type Book
Holdings
Withdrawn status Lost status Source of classification or shelving scheme Damaged status Not for loan Permanent Location Current Location Date acquired Total Checkouts Full call number Barcode Date last seen Date last checked out Price effective from Koha item type
          Military College of Engineering (MCE) Military College of Engineering (MCE) 04/16/2014 1 530.2462 dun MCE-532 05/14/2014 05/14/2014 04/16/2014 Book
© 2023 Central Library, National University of Sciences and Technology. All Rights Reserved.